000
00406nam a2200145Ia 4500
008
100122s9999 xx 000 0 und d
082
_b
23512
_a
823.08
100
_a
भावे पु भा
245
_a
स्मरणी
260
_b
विश्वमोहिनी प्रकाशन
_c
1966
300
_a
50
630
_a
स्मरणी
730
_a
स्मरणी
942
_c
BOOK
999
_c
411111
_d
411108